00623nam a2200181 a 450000100060000000300090000600800410001502000180005604000280007410000340010224500890013626000320022530000150025749000370027265000330030965000720034265000270041424243CO-ViMGA141112s2004 ck r 000 u spa d a9789580511571 aCO-ViMGAbspacCO-ViMGA1 aCastañeda de Eslava, Stella10aAmérica Latina : bDe la Colonia a la República / cStella Castañeda de Eslava aColombia : bEducar, c2009 a144 p. il. aColección Básica de historia14aAmérica Latina - historia 14aAmérica Latina - historia - guerras de independencia, 1806 - 183014aEconomía - historia